The Dark Tower Quiz Stats

 Plays Quiz Updated Mar 10, 2020

Support Sporcle.
Go Orange.
Score 0/8 Timer 02:00
0 Plays Today
Year Book % Correct
1982The Dark Tower: The Gunslinger
91.9%
2004The Dark Tower VII: The Dark Tower
91.3%
1987The Dark Tower II: The Drawing of the Three
77.8%
2003The Dark Tower V: Wolves of the Calla
75.2%
1997The Dark Tower IV: Wizard and Glass
69.9%
1991The Dark Tower III: The Waste Lands
66.8%
2004The Dark Tower VI: Song of Susannah
65.5%
2012The Dark Tower IV.V: The Wind Through the Keyhole
53.5%

From the Vault

Anything BUT Dairy Products

by Tootsnsuch

This quiz might give you deja moo. We know, that's pretty cheesy.
Remove Ads.
Support Sporcle.
Get the best of Sporcle when you Go Orange. This ad-free experience offers more features, more stats, and more fun while also helping to support Sporcle. Thank you for becoming a member.

Show Comments

Extras

Top Quizzes Today


Score Distribution

Your Account Isn't Verified!

In order to create a playlist on Sporcle, you need to verify the email address you used during registration. Go to your Sporcle Settings to finish the process.

Report this User

Report this user for behavior that violates our Community Guidelines.

Details: